[Manažment]

Recenzia knihy M. Sedláka Manažment, ktorá vyšla vo vydavateľstve Elita v roku 1997. V knihe nájdete v jednotlivých kapitolách rozpracované nasledujúce témy: Nové požiadavky na manažérov. Škola manažmentu. Japonský a americký manažment. Rozhodovací proces. Plánovanie a kontrola v organizácii. Typy o...

Descripción completa

Guardado en:
Detalles Bibliográficos
Autor principal: Thomasová, Elena
Formato: Libro
Lenguaje:eslovaco
Materias:
Etiquetas: Agregar Etiqueta
Sin Etiquetas, Sea el primero en etiquetar este registro!

MARC

LEADER 00000nam a2200000 4500
001 r030200
005 20230824094538.0
041 0 |a slo 
044 |a SK 
245 1 0 |a [Manažment]  |c Elena Thomasová 
520 |a Recenzia knihy M. Sedláka Manažment, ktorá vyšla vo vydavateľstve Elita v roku 1997. V knihe nájdete v jednotlivých kapitolách rozpracované nasledujúce témy: Nové požiadavky na manažérov. Škola manažmentu. Japonský a americký manažment. Rozhodovací proces. Plánovanie a kontrola v organizácii. Typy organizačných štruktúr. Riadiaci aparát firmy. Ako správne viesť ľudí. Typy manažérov. Rozvoj manažmentu na prahu 21. storočia. 
610 2 0 |a manažment 
610 2 0 |a rozhodovanie 
610 2 0 |a kultúra podniková 
610 2 0 |a plánovanie 
610 2 0 |a kontrola 
610 2 0 |a plánovanie strategické 
610 2 0 |a štruktúra organizačná 
610 2 0 |a riadenie 
610 2 0 |a vedenie 
610 2 0 |a manažéri 
610 2 0 |a recenzie 
100 1 |a Thomasová, Elena